|
|
|
|
| LEADER |
00000nam a2200000 a 4500 |
| 001 |
vtls001434171 |
| 003 |
SK-MaSNL |
| 005 |
20260301202816.0 |
| 008 |
240314s2001 xo p r y 0 slo |
| 015 |
|
|
|a SNBA2002/08-02784
|
| 020 |
|
|
|a 8088792347
|
| 035 |
|
|
|a SNK000389246
|
| 040 |
|
|
|a SNK
|b slo
|c SNK
|e AACR2
|
| 041 |
0 |
|
|a slo
|
| 044 |
|
|
|a xo
|c SK
|
| 080 |
|
|
|a 53.023(035)
|2 1981
|
| 100 |
1 |
|
|a Olejár, Marián
|4 aut
|9 5568
|
| 245 |
1 |
0 |
|a Zbierka vzorcov z fyziky
|c Marián Olejár, Iveta Olejárová
|
| 260 |
|
|
|a Bratislava
|b Young Scientist
|c [2001]
|
| 300 |
|
|
|a 288 s.
|b sch., tab.
|c 15 cm
|
| 504 |
|
|
|a Reg.
|
| 650 |
0 |
7 |
|a fyzika
|x vzorce
|x príručky
|2 SNK
|9 585403
|
| 655 |
|
7 |
|a príručky
|2 SNK
|9 74364
|
| 700 |
1 |
|
|a Olejárová, Iveta
|4 aut
|9 5567
|
| 919 |
|
|
|a 80-88792-34-7
|
| 958 |
|
|
|a TL
|
| 999 |
|
|
|c 900261
|d 902191
|
| 952 |
|
|
|t P60, <03>, [BOOK], {603}
|a SNK
|b SNK
|y PREZ
|7 0
|p 17A0343864
|o snkSD 72166
|i snkKSP 6565/2002
|0 0
|1 0
|4 0
|d 2002-05-21
|l 0
|r 2005-01-02 00:00:00
|w 2026-02-24
|
| 952 |
|
|
|t P60, <04>, [BOOK], {604}
|a SNK
|b SNK
|y VYP
|7 0
|p 17A0343865
|o snkSD 72166 D1
|i snkKSP 6566/2002
|0 0
|1 0
|4 0
|d 2002-05-21
|l 0
|r 2005-01-02 00:00:00
|w 2026-02-24
|